| 000 | 00446nam a2200157Ia 4500 | ||
|---|---|---|---|
| 008 | 240729s9999 xx 000 0 und d | ||
| 022 | _a2084-0373 | ||
| 245 | 0 | _aDiscussiones Mathematicae - General Algebra and Applications | |
| 260 | _aPoland | ||
| 260 | _bUniversity of Zielona Góra | ||
| 650 | _a Mathematics | ||
| 650 | _aScience | ||
| 856 | _uhttps://doaj.org/toc/462dce82959246e183a7e01303ee640f | ||
| 942 | _2ddc | ||
| 942 | _cDOAJEJ | ||
| 999 |
_c69703 _d69703 |
||
| 945 |
_a1 _bMadushi Gamage _c1 _dMadushi Gamage |
||